The pious woman and other stories / (Record no. 38376)

MARC details
000 -LEADER
fixed length control field 00647nam a22001937a 4500
005 - DATE AND TIME OF LATEST TRANSACTION
control field 20100731113022.0
010 ## - LCCN (DPL NO)
LC control number ENG-97454
020 ## - INTERNATIONAL STANDARD BOOK NUMBER
International Standard Book Number 9789380870007
Terms of availability 250.00
035 ## - SYSTEM CONTROL NUMBER
System control number EN-80987
037 ## - SOURCE OF ACQUISITION
Source of stock number/acquisition DBAD/PUB
082 ## - DEWEY DECIMAL CLASSIFICATION NUMBER
Classification number S
100 ## - MAIN ENTRY--PERSONAL NAME
Personal name Bompas, Cecil Henry
245 ## - TITLE STATEMENT
Title The pious woman and other stories /
Statement of responsibility, etc by cecil Henry Bompas
260 ## - PUBLICATION, DISTRIBUTION, ETC. (IMPRINT)
Place of publication, distribution, etc Jaipur
Name of publisher, distributor, etc Anu Prakashan
Date of publication, distribution, etc 2010
270 ## - ADDRESS
Address Dhamani Market Ki gali, Chouea Rasta,
City Jaipur
300 ## - PHYSICAL DESCRIPTION
Extent iv, 184p.
Dimensions 22 cm (Hb)
942 ## - ADDED ENTRY ELEMENTS (KOHA)
Source of classification or shelving scheme Dewey Decimal Classification
Item type English Books
Classification part S
Call number suffix BOM
Holdings
Withdrawn status Lost status Not for loan Collection code Home library Current library Date acquired Source of acquisition Cost, normal purchase price Full call number Barcode Copy number Cost, replacement price Koha item type
    Not For Loan Fiction D.B.Act.Division D.B.Act.Division 31/07/2010 DBAD/PUB 250.00 S BOM EN-80987 1 250.00 English Books

© Delhi Public Library
Hit Counter
free hit counter